| 000 | nam a22 7a 4500 | ||
|---|---|---|---|
| 999 |
_c108291 _d108291 |
||
| 005 | 20200124140755.0 | ||
| 008 | 200124b ag ||||| |||| 00| 0 spa d | ||
| 020 | _a9508943165 | ||
| 050 | 0 | 4 |
_aKHA3022 _bU33 2001 |
| 100 | 1 | _aUicich, Rodolfo Daniel | |
| 245 | 1 | 0 |
_aHábeas data. Ley 25.326 _b : comentada y anotada : modelos _c / Rodolfo Daniel Uicich |
| 250 | _a1a ed. | ||
| 260 |
_aBuenos Aires : _bAD HOC, _c2001 |
||
| 300 |
_a162 p. ; _c23 cm. |
||
| 506 | _aRevisado moncho | ||
| 650 | 7 |
_2lemb _aDerecho a la privacidad _xLegislación _zArgentina |
|
| 650 | 7 |
_2lemb _aProtección de datos _xLegislación _zArgentina |
|
| 942 |
_2lcc _cLIB |
||